[Event "HUN-chT2 Maroczy 1819"]
[Site "Hungary"]
[Date "2019.03.10"]
[Round "9.7"]
[White "Mate, Laszlo"]
[Black "Felmery, Mate"]
[Result "1/2-1/2"]
[WhiteElo "2242"]
[BlackElo "2114"]
[PlyCount "35"]
[EventDate "2018.09.23"]
[EventType "team-tourn"]
[EventRounds "11"]
[EventCountry "HUN"]
[SourceTitle "EXT 2020"]
[Source "ChessBase"]
[SourceDate "2019.10.17"]
[SourceVersion "1"]
[SourceVersionDate "2019.10.17"]
[SourceQuality "1"]
[WhiteTeam "Debrecen Kwizda"]
[BlackTeam "Budapest Vasas"]
[WhiteTeamCountry "HUN"]
[BlackTeamCountry "HUN"]

1. d4 Nf6 2. Bg5 c5 3. dxc5 Na6 4. Bxf6 gxf6 5. c4 Nxc5 6. Nc3 Bg7 7. g3 f5 8. Qd2 d6 9. Rc1 a5 10. Bg2 a4 11. Nf3 Ra6 12. Nd4 0-0 13. 0-0 e6 14. Ndb5 Qf6 15. Nc7 Rb6 16. Na8 Ra6 17. Nc7 Rb6 18. Na8 1/2-1/2

[Event "HUN-chT2 Maroczy 1819"]
[Site "Hungary"]
[Date "2019.02.10"]
[Round "7.9"]
[White "Hradeczky, Tamas"]
[Black "Mate, Laszlo"]
[Result "1-0"]
[WhiteElo "2033"]
[BlackElo "2242"]
[PlyCount "101"]
[EventDate "2018.09.23"]
[EventType "team-tourn"]
[EventRounds "11"]
[EventCountry "HUN"]
[SourceTitle "EXT 2020"]
[Source "ChessBase"]
[SourceDate "2019.10.17"]
[SourceVersion "1"]
[SourceVersionDate "2019.10.17"]
[SourceQuality "1"]
[WhiteTeam "Taban Spartacus"]
[BlackTeam "Debrecen Kwizda"]
[WhiteTeamCountry "HUN"]
[BlackTeamCountry "HUN"]

1. d4 d5 2. Nf3 Nf6 3. c4 dxc4 4. e3 e6 5. Bxc4 c5 6. 0-0 a6 7. a4 Nc6 8. Nc3 cxd4 9. exd4 Be7 10. Bg5 0-0 11. Re1 Nb4 12. Qe2 Nfd5 13. Bxe7 Nxe7 14. Rad1 Bd7 15. Ne5 Ned5 16. Bb3 Bc6 17. Ne4 a5 18. g3 Nf6 19. Nxc6 Nxc6 20. Ng5 Nd5 21. Nxe6 fxe6 22. Qxe6+ Kh8 23. Bxd5 Rf6 24. Qe4 Nb4 25. Be6 Qb6 26. Rd2 h6 27. d5 Re8 28. Qe3 Qd6 29. Qc3 b6 30. f4 Na6 31. Rf2 Nc7 32. f5 Nxd5 33. Qd2 Qb4 34. Re5 Qxd2 35. Rxd2 Nc7 36. Rd6 g6 37. g4 gxf5 38. gxf5 Nxe6 39. Rexe6 Rg8+ 40. Kh1 Rxf5 41. Rxh6+ Kg7 42. Rhg6+ Kf7 43. Rxg8 Kxg8 44. Rxb6 Rf2 45. Kg1 Rc2 46. Rb5 Kg7 47. h4 Kh6 48. h5 Rc4 49. b3 Rc3 50. Kf2 Rh3 51. Ke2 1-0

[Event "HUN-chT2 Maroczy 1718"]
[Site "Hungary"]
[Date "2018.05.06"]
[Round "9.8"]
[White "Felmery, Mate"]
[Black "Mate, Laszlo"]
[Result "0-1"]
[WhiteElo "2109"]
[BlackElo "2235"]
[PlyCount "58"]
[EventDate "2017.10.29"]
[EventType "team-tourn"]
[EventRounds "9"]
[EventCountry "HUN"]
[SourceTitle "EXT 2021"]
[Source "ChessBase"]
[SourceDate "2020.10.23"]
[SourceVersion "1"]
[SourceVersionDate "2020.10.23"]
[SourceQuality "1"]
[WhiteTeam "Budapest Vasas"]
[BlackTeam "Debrecen Sakkiskola"]
[WhiteTeamCountry "HUN"]
[BlackTeamCountry "HUN"]

1. e4 c5 2. Nf3 Nc6 3. d4 cxd4 4. c3 Nf6 5. e5 Nd5 6. cxd4 d6 7. Bc4 Nb6 8. Bb5 dxe5 9. Nxe5 Bd7 10. Bxc6 Bxc6 11. Nxc6 bxc6 12. 0-0 e6 13. Nc3 Be7 14. Qf3 0-0 15. Qxc6 Qxd4 16. Be3 Qc4 17. Qf3 Bf6 18. Ne4 Bxb2 19. Rab1 Be5 20. Rbc1 Qxa2 21. Qh5 f5 22. Bc5 g6 23. Qg5 Rf7 24. f4 Bg7 25. Nd6 Rd7 26. Rfd1 Rad8 27. Qg3 Nc8 28. Rd3 Nxd6 29. Rcd1 Ne4 0-1

[Event "HUN-chT2 Maroczy 1718"]
[Site "Hungary"]
[Date "2018.03.25"]
[Round "8.8"]
[White "Mate, Laszlo"]
[Black "Bernei, Andras"]
[Result "0-1"]
[WhiteElo "2249"]
[BlackElo "2147"]
[PlyCount "88"]
[EventDate "2017.10.29"]
[EventType "team-tourn"]
[EventRounds "9"]
[EventCountry "HUN"]
[SourceTitle "EXT 2021"]
[Source "ChessBase"]
[SourceDate "2020.10.23"]
[SourceVersion "1"]
[SourceVersionDate "2020.10.23"]
[SourceQuality "1"]
[WhiteTeam "Debrecen Sakkiskola"]
[BlackTeam "Taban Spartacus"]
[WhiteTeamCountry "HUN"]
[BlackTeamCountry "HUN"]

1. d4 Nf6 2. Nf3 e6 3. Bg5 d5 4. e3 c5 5. c3 Nc6 6. Nbd2 cxd4 7. exd4 Be7 8. Bd3 h6 9. Bh4 0-0 10. Qe2 b6 11. Ne5 Nxe5 12. dxe5 Nd7 13. Bxe7 Qxe7 14. f4 Nc5 15. Nf3 Nxd3+ 16. Qxd3 a5 17. Nd4 Ba6 18. Qe3 f5 19. 0-0-0 b5 20. Kb1 b4 21. Rc1 Rfc8 22. h3 bxc3 23. Rxc3 Rxc3 24. Qxc3 Rc8 25. Qxa5 Bd3+ 26. Ka1 Be4 27. Qd2 Qh4 28. b3 Qg3 29. Kb2 Kf7 30. a4 g5 31. Rc1 Rxc1 32. Kxc1 Bxg2 33. a5 Be4 34. Kb2 Qg1 35. Qc3 Qf1 36. Qc7+ Kg6 37. Nxe6 g4 38. Qg7+ Kh5 39. hxg4+ fxg4 40. Qf6 g3 41. Ng7+ Kg4 42. Qxh6 g2 43. Qh5+ Kg3 44. Qg5+ Kf3 0-1

[Event "HUN-chT2 Maroczy 1718"]
[Site "Hungary"]
[Date "2018.01.28"]
[Round "5.7"]
[White "Mate, Laszlo"]
[Black "Kovacs, Istvan"]
[Result "1-0"]
[WhiteElo "2240"]
[BlackElo "2124"]
[PlyCount "57"]
[EventDate "2017.10.29"]
[EventType "team-tourn"]
[EventRounds "9"]
[EventCountry "HUN"]
[SourceTitle "EXT 2021"]
[Source "ChessBase"]
[SourceDate "2020.10.23"]
[SourceVersion "1"]
[SourceVersionDate "2020.10.23"]
[SourceQuality "1"]
[WhiteTeam "Debrecen Sakkiskola"]
[BlackTeam "Dunaharaszti II"]
[WhiteTeamCountry "HUN"]
[BlackTeamCountry "HUN"]

1. c4 e5 2. g3 Nf6 3. Bg2 h6 4. Nc3 Bb4 5. Nf3 e4 6. Nd4 Bxc3 7. dxc3 0-0 8. 0-0 d6 9. Nc2 Nbd7 10. Ne3 Re8 11. Nd5 Nb6 12. Ne3 Be6 13. b3 Qc8 14. a4 Bh3 15. a5 Bxg2 16. Kxg2 Nbd7 17. Nd5 Nxd5 18. cxd5 Nf6 19. c4 Re5 20. h3 Qf5 21. Bf4 Re7 22. Qd4 a6 23. b4 Rae8 24. Ra3 e3 25. Rxe3 Re4 26. Qd3 g5 27. f3 gxf4 28. fxe4 Qg5 29. Rxf4 1-0

[Event "HUN-chT2 Maroczy 1718"]
[Site "Hungary"]
[Date "2017.12.03"]
[Round "3.8"]
[White "Rigo, Janos"]
[Black "Mate, Laszlo"]
[Result "1-0"]
[WhiteElo "2234"]
[BlackElo "2252"]
[PlyCount "125"]
[EventDate "2017.10.29"]
[EventType "team-tourn"]
[EventRounds "9"]
[EventCountry "HUN"]
[SourceTitle "EXT 2021"]
[Source "ChessBase"]
[SourceDate "2020.10.23"]
[SourceVersion "1"]
[SourceVersionDate "2020.10.23"]
[SourceQuality "1"]
[WhiteTeam "Budapest HASE"]
[BlackTeam "Debrecen Sakkiskola"]
[WhiteTeamCountry "HUN"]
[BlackTeamCountry "HUN"]

1. e4 c5 2. Nf3 Nc6 3. Bb5 g6 4. Bxc6 dxc6 5. h3 Bg7 6. 0-0 Nf6 7. Re1 0-0 8. d3 Ne8 9. Nbd2 Nc7 10. Nc4 Ne6 11. a4 Nd4 12. a5 Qc7 13. Be3 e5 14. Nfd2 Bd7 15. c3 Ne6 16. Qb3 Bf6 17. Qa3 Rab8 18. Bxc5 Nxc5 19. Qxc5 b6 20. axb6 axb6 21. Qe3 Be6 22. d4 exd4 23. cxd4 Rfd8 24. e5 Be7 25. Rec1 c5 26. dxc5 Bxc5 27. Qh6 Rd4 28. Nd6 Rxd6 29. exd6 Qxd6 30. Ne4 Qd4 31. Ra4 Qxb2 32. Rca1 Bd5 33. Qf4 Bxe4 34. Qxb8+ Kg7 35. Qf4 Bd5 36. Re1 b5 37. Raa1 Bc4 38. Rab1 Qc3 39. Rec1 Qd4 40. Qxd4+ Bxd4 41. Rb4 h5 42. Rbxc4 bxc4 43. Rxc4 Bf6 44. Kf1 Be5 45. Ke2 Kf6 46. Ke3 Ke6 47. g4 hxg4 48. hxg4 Kd5 49. Ra4 Ke6 50. Ra6+ Ke7 51. Ke4 Bb2 52. f4 Kf8 53. Rb6 Bc3 54. Rc6 Bb4 55. Ke5 Kg7 56. f5 gxf5 57. gxf5 Ba3 58. f6+ Kg6 59. Rc2 Kh7 60. Rh2+ Kg8 61. Rg2+ Kh8 62. Kd5 Bb4 63. Rg7 1-0

[Event "HUN-chT2 Barcza 1516"]
[Site "Hungary"]
[Date "2015.09.13"]
[Round "1.4"]
[White "Mate, Laszlo"]
[Black "Racz, Zoltan"]
[Result "0-1"]
[WhiteElo "2278"]
[BlackElo "2269"]
[PlyCount "136"]
[EventDate "2015.09.13"]
[EventType "team-tourn"]
[EventRounds "11"]
[EventCountry "HUN"]
[SourceTitle "CBM 170 Extra"]
[Source "ChessBase"]
[SourceDate "2016.02.25"]
[SourceVersion "1"]
[SourceVersionDate "2016.02.25"]
[SourceQuality "1"]
[WhiteTeam "Kwizda Sakkiskola"]
[BlackTeam "Nyiregyhaza"]
[WhiteTeamCountry "HUN"]
[BlackTeamCountry "HUN"]

1. c4 c5 2. Nf3 Nc6 3. d4 cxd4 4. Nxd4 e6 5. g3 Qb6 6. Nb3 Ne5 7. e4 Nf6 8. Qe2 Bb4+ 9. Nc3 Bxc3+ 10. bxc3 d6 11. f4 Nc6 12. Ba3 Qa6 13. Bxd6 Na5 14. Rd1 Bd7 15. e5 Bc6 16. exf6 Bxh1 17. fxg7 Rg8 18. Qe5 Nc6 19. Qf6 Rd8 20. c5 Qxa2 21. Bb5 Rd7 22. Bc4 Qxh2 23. Rd3 Qg1+ 24. Kd2 Qg2+ 25. Kc1 Qe4 26. Nd2 Qg6 27. Qxg6 hxg6 28. Bf8 Rxd3 29. Bxd3 Rxf8 30. gxf8Q+ Kxf8 31. Kc2 Ke7 32. Bb5 Nb8 33. Kd3 Nd7 34. Kd4 Bd5 35. c4 Bg2 36. Nb3 f6 37. Ke3 Kd8 38. Kd4 Kc7 39. Kc3 Be4 40. Kb4 e5 41. Nd2 Bg2 42. fxe5 Nxe5 43. Kc3 Kd8 44. Ba4 Ke7 45. Bc2 f5 46. Nb3 Nc6 47. Nc1 Kf6 48. Nd3 g5 49. Kd2 Be4 50. Nf2 Bxc2 51. Kxc2 Ke5 52. Kd3 a5 53. Nh3 f4 54. gxf4+ gxf4 55. Nf2 Nb4+ 56. Kc3 f3 57. Kb3 Kd4 58. Ka4 Kxc4 59. Kxa5 Kxc5 60. Ka4 Nc6 61. Kb3 Kd4 62. Ka4 Ke3 63. Ng4+ Ke2 64. Kb5 f2 65. Nh2 f1Q 66. Nxf1 Kxf1 67. Kb6 Nd8 68. Kc7 b5 0-1

[Event "HUN-chT2 Maroczy 1415"]
[Site "Hungary"]
[Date "2015.04.26"]
[Round "9"]
[White "Mate, Laszlo"]
[Black "Istvanovszky, Kalman"]
[Result "1/2-1/2"]
[WhiteElo "2321"]
[BlackElo "2300"]
[PlyCount "81"]
[EventDate "2014.10.12"]
[EventType "team-tourn"]
[EventRounds "9"]
[EventCountry "HUN"]
[SourceTitle "EXT 2016"]
[Source "ChessBase"]
[SourceDate "2015.10.08"]
[SourceVersion "1"]
[SourceVersionDate "2015.10.08"]
[SourceQuality "1"]
[WhiteTeam "Kisujszallas"]
[BlackTeam "Penzugyor II"]
[WhiteTeamCountry "HUN"]
[BlackTeamCountry "HUN"]

1. c4 Nf6 2. g3 g6 3. Bg2 Bg7 4. Nc3 0-0 5. e4 d6 6. Nge2 a6 7. 0-0 c5 8. d4 Nbd7 9. h3 Rb8 10. a4 Ne8 11. Be3 Nc7 12. b3 b5 13. axb5 axb5 14. Ra7 bxc4 15. bxc4 Rb4 16. dxc5 dxc5 17. Nd5 Rb7 18. Qa4 Nxd5 19. cxd5 Qc7 20. Rxb7 Bxb7 21. Rc1 Ra8 22. Qb3 Ba6 23. Nd4 Ne5 24. Nc6 c4 25. Qa3 Nxc6 26. dxc6 Bb7 27. Qc5 Qxc6 28. Qxc6 Bxc6 29. Rxc4 Bb5 30. Rc7 e5 31. h4 Bf6 32. Bh3 Bd3 33. Bg2 Kg7 34. Bf3 Ra1+ 35. Kh2 Ra4 36. h5 h6 37. hxg6 Kxg6 38. Rc6 Bxe4 39. Bxe4+ Rxe4 40. Bxh6 Kxh6 41. Rxf6+ 1/2-1/2

[Event "HUN-chT2 Maroczy 1415"]
[Site "Hungary"]
[Date "2015.03.01"]
[Round "7"]
[White "Mate, Laszlo"]
[Black "Turzo, Attila"]
[Result "1/2-1/2"]
[WhiteElo "2321"]
[BlackElo "2316"]
[PlyCount "22"]
[EventDate "2014.10.12"]
[EventType "team-tourn"]
[EventRounds "9"]
[EventCountry "HUN"]
[SourceTitle "EXT 2016"]
[Source "ChessBase"]
[SourceDate "2015.10.08"]
[SourceVersion "1"]
[SourceVersionDate "2015.10.08"]
[SourceQuality "1"]
[WhiteTeam "Kisujszallas"]
[BlackTeam "Kobanya Aquarena"]
[WhiteTeamCountry "HUN"]
[BlackTeamCountry "HUN"]

1. d4 Nf6 2. Nf3 g6 3. Bg5 Bg7 4. Nc3 d5 5. e3 0-0 6. Be2 c5 7. Ne5 Nc6 8. 0-0 Be6 9. Bf3 Rc8 10. h3 a6 11. Qd2 b5 1/2-1/2

[Event "HUN-chT2 Barcza 1314"]
[Site "Hungary"]
[Date "2014.04.27"]
[Round "11"]
[White "Mate, Laszlo"]
[Black "Acs, Gabor"]
[Result "1/2-1/2"]
[WhiteElo "2330"]
[BlackElo "2175"]
[PlyCount "88"]
[EventDate "2013.09.08"]
[EventType "team-tourn"]
[EventRounds "11"]
[EventCountry "HUN"]
[SourceTitle "EXT 2016"]
[Source "ChessBase"]
[SourceDate "2015.10.08"]
[SourceVersion "1"]
[SourceVersionDate "2015.10.08"]
[SourceQuality "1"]
[WhiteTeam "Kazincbarcika"]
[BlackTeam "Miskolc EMSE"]
[WhiteTeamCountry "HUN"]
[BlackTeamCountry "HUN"]

1. b3 Nf6 2. Bb2 e6 3. e3 Be7 4. f4 c5 5. Nf3 b6 6. g3 Bb7 7. Bg2 0-0 8. Qe2 Nc6 9. d3 d5 10. Nbd2 Nb4 11. Nf1 a5 12. Ne5 a4 13. a3 Nc6 14. Nxc6 Bxc6 15. g4 axb3 16. cxb3 Nd7 17. Ng3 Bf6 18. 0-0 Bxb2 19. Qxb2 Qf6 20. Qd2 Rfc8 21. g5 Qe7 22. h4 c4 23. b4 Bb5 24. dxc4 Rxc4 25. Rf2 Rxb4 26. e4 Rb3 27. Ne2 dxe4 28. Nc3 e3 29. Qxe3 Raxa3 30. Rc1 Qb4 31. Rfc2 Nc5 32. Bf1 Bxf1 33. Kxf1 Qc4+ 34. Kg1 g6 35. Qe5 Nd3 36. Qb8+ Kg7 37. Ne2 Qe4 38. Qd8 Qe3+ 39. Kh2 Qf2+ 40. Kh1 Qxh4+ 41. Kg1 Qg4+ 42. Kh2 Qh4+ 43. Kg1 Qg4+ 44. Kh2 Qh4+ 1/2-1/2

[Event "HUN-chT2 Barcza 1314"]
[Site "Hungary"]
[Date "2014.03.23"]
[Round "9"]
[White "Zabiak, Jozsef"]
[Black "Mate, Laszlo"]
[Result "0-1"]
[WhiteElo "2203"]
[BlackElo "2330"]
[PlyCount "150"]
[EventDate "2013.09.08"]
[EventType "team-tourn"]
[EventRounds "11"]
[EventCountry "HUN"]
[SourceTitle "EXT 2016"]
[Source "ChessBase"]
[SourceDate "2015.10.08"]
[SourceVersion "1"]
[SourceVersionDate "2015.10.08"]
[SourceQuality "1"]
[WhiteTeam "Sajobabony"]
[BlackTeam "Kazincbarcika"]
[WhiteTeamCountry "HUN"]
[BlackTeamCountry "HUN"]

1. e4 Nf6 2. Nc3 d5 3. exd5 Nxd5 4. Bc4 c6 5. Qf3 Nf6 6. h3 Nbd7 7. d4 Nb6 8. Qd3 Nxc4 9. Qxc4 Bf5 10. Nce2 Be4 11. f3 Bg6 12. Nf4 e5 13. Nxg6 hxg6 14. dxe5 Qa5+ 15. Bd2 Qxe5+ 16. Qe2 Bd6 17. Bc3 Qxe2+ 18. Nxe2 0-0 19. Bxf6 gxf6 20. 0-0-0 Rad8 21. Rd3 Rfe8 22. Kd1 Be5 23. Rxd8 Rxd8+ 24. Kc1 Re8 25. c3 Bc7 26. Kd1 Kg7 27. Re1 Rd8+ 28. Kc2 f5 29. Rd1 Re8 30. Rd2 Kf6 31. Kd1 Re7 32. Rd3 g5 33. Kd2 f4 34. b4 Bb6 35. c4 Be3+ 36. Kd1 Ke5 37. Nc3 f5 38. a4 Rg7 39. Ke2 g4 40. hxg4 fxg4 41. fxg4 Rxg4 42. Kf1 Rg7 43. Rd8 Rh7 44. Nd1 Bb6 45. Re8+ Kd4 46. c5 Bc7 47. a5 a6 48. Nf2 Kc3 49. Re4 Rd7 50. Ke2 Rd5 51. Kf3 Be5 52. Nh3 Rd3+ 53. Kg4 Re3 54. Kf5 Rxe4 55. Kxe4 Bf6 56. Nf2 Kxb4 57. Kd3 Kxa5 58. Kc4 b5+ 59. cxb6 Kxb6 60. Nd3 Bg5 61. Nc5 Be7 62. Ne4 a5 63. g4 f3 64. Kd3 a4 65. Nd2 f2 66. Kc4 a3 67. Kb3 Kb5 68. Nf1 Kb6 69. Ng3 Kc7 70. g5 Kd7 71. g6 Ke6 72. Ka2 Bd6 73. Nf1 Kf6 74. g7 Kxg7 75. Ne3 Bc5 0-1

[Event "HUN-chT2 Barcza 1314"]
[Site "Hungary"]
[Date "2014.02.16"]
[Round "7"]
[White "Borsavolgyi, Tamas"]
[Black "Mate, Laszlo"]
[Result "1/2-1/2"]
[WhiteElo "2224"]
[BlackElo "2330"]
[PlyCount "142"]
[EventDate "2013.09.08"]
[EventType "team-tourn"]
[EventRounds "11"]
[EventCountry "HUN"]
[SourceTitle "EXT 2016"]
[Source "ChessBase"]
[SourceDate "2015.10.08"]
[SourceVersion "1"]
[SourceVersionDate "2015.10.08"]
[SourceQuality "1"]
[WhiteTeam "Hajduszoboszlo"]
[BlackTeam "Kazincbarcika"]
[WhiteTeamCountry "HUN"]
[BlackTeamCountry "HUN"]

1. d4 Nf6 2. c4 c5 3. d5 b5 4. cxb5 a6 5. bxa6 g6 6. g3 d6 7. Bg2 Bg7 8. Bd2 Nxa6 9. Bc3 0-0 10. Nh3 Nb4 11. Nf4 Rxa2 12. Rxa2 Nxa2 13. Bd2 Qb6 14. Qc2 Bf5 15. e4 Nb4 16. Bxb4 Qxb4+ 17. Nd2 Bd7 18. 0-0 Ra8 19. e5 Bf5 20. Qc1 Ne8 21. Nc4 Ra2 22. Ne3 Bc8 23. Nd3 Qd4 24. Qb1 Ra7 25. Rd1 Bxe5 26. b4 cxb4 27. Nxb4 Ra1 28. Qc2 Bf5 29. Qb3 Rxd1+ 30. Nxd1 Qd2 31. Bf1 Bd4 32. Nc6 Bc2 33. Qb8 Bxd1 34. Nxd4 Qxd4 35. Qxe8+ Kg7 36. Qxe7 Qxd5 37. Qc7 Qc5 38. Qb7 Bg4 39. Qb2+ Kg8 40. Bg2 Be6 41. h4 h5 42. Bf3 d5 43. Qb8+ Kh7 44. Qe5 Qb6 45. Kg2 d4 46. Be4 Kg8 47. Bd3 Kf8 48. Be4 Ke7 49. Bd3 Qc6+ 50. Be4 Qd6 51. Qb5 Bd7 52. Qg5+ Ke8 53. Kf1 Kf8 54. Qd8+ Kg7 55. Qa5 Be6 56. Qb5 Bh3+ 57. Ke2 Qe6 58. Qd5 Qxd5 59. Bxd5 Bf5 60. Kf3 Kf6 61. Kf4 Be6 62. Bb7 Bc4 63. Ke4 d3 64. Ke3 Kf5 65. f3 g5 66. Be4+ Kf6 67. hxg5+ Kxg5 68. Bxd3 Bxd3 69. Kxd3 f5 70. Ke3 f4+ 71. gxf4+ Kf5 1/2-1/2

[Event "HUN-chT2 Barcza 1314"]
[Site "Hungary"]
[Date "2013.10.20"]
[Round "3"]
[White "Varga, Peter"]
[Black "Mate, Laszlo"]
[Result "1/2-1/2"]
[WhiteElo "2411"]
[BlackElo "2330"]
[PlyCount "35"]
[EventDate "2013.09.08"]
[EventType "team-tourn"]
[EventRounds "11"]
[EventCountry "HUN"]
[SourceTitle "EXT 2016"]
[Source "ChessBase"]
[SourceDate "2015.10.08"]
[SourceVersion "1"]
[SourceVersionDate "2015.10.08"]
[SourceQuality "1"]
[WhiteTeam "Nadudvar"]
[BlackTeam "Kazincbarcika"]
[WhiteTeamCountry "HUN"]
[BlackTeamCountry "HUN"]

1. Nf3 c5 2. g3 g6 3. Bg2 Bg7 4. 0-0 Nc6 5. c4 Nf6 6. Nc3 0-0 7. a3 d5 8. cxd5 Nxd5 9. Qc2 Nc7 10. d3 b6 11. Rb1 Bb7 12. b4 Nd4 13. Nxd4 Bxg2 14. Kxg2 cxd4 15. Ne4 Nd5 16. Qb3 Rc8 17. Bb2 Qd7 18. Rfc1 1/2-1/2

[Event "HUN-chT2 Barcza 1213"]
[Site "Hungary"]
[Date "2013.04.21"]
[Round "11.3"]
[White "Mate, Laszlo"]
[Black "Papp, Abel"]
[Result "1/2-1/2"]
[WhiteElo "2352"]
[BlackElo "2183"]
[PlyCount "100"]
[EventDate "2012.09.16"]
[EventType "team-tourn"]
[EventRounds "11"]
[EventCountry "HUN"]
[SourceTitle "EXT 2014"]
[Source "ChessBase"]
[SourceDate "2013.11.20"]
[SourceVersion "1"]
[SourceVersionDate "2013.11.20"]
[SourceQuality "1"]
[WhiteTeam "Kazincbarcika"]
[BlackTeam "Miskolc EMSE"]
[WhiteTeamCountry "HUN"]
[BlackTeamCountry "HUN"]

1. c4 c6 2. e4 e5 3. Nf3 d6 4. d4 Bg4 5. Be2 Nd7 6. Nc3 Be7 7. b3 Bxf3 8. Bxf3 Bg5 9. Bb2 Ne7 10. 0-0 Ng6 11. g3 0-0 12. Bg2 Re8 13. Ne2 Bf6 14. Qd2 exd4 15. Nxd4 Nc5 16. Qc2 Qb6 17. Rad1 Rad8 18. Nf5 Be5 19. Kh1 Ne7 20. Nxe7+ Rxe7 21. Bc1 Ne6 22. Bh3 Nd4 23. Qd3 Bf6 24. g4 Ne6 25. Be3 Nc5 26. Qc2 h6 27. Bg2 Qa5 28. f3 Ree8 29. Qf2 Ne6 30. f4 Qc7 31. h4 c5 32. f5 Nd4 33. g5 Be5 34. gxh6 gxh6 35. Rg1 Kh7 36. Bh3 Qe7 37. f6 Bxf6 38. Bf5+ Nxf5 39. Qxf5+ Kh8 40. Rg4 Rg8 41. Bxh6 Rxg4 42. Qxg4 Rg8 43. Qf3 Bd4 44. Bg5 Qe6 45. Rxd4 Rxg5 46. Rxd6 Qxd6 47. hxg5 Kg7 48. a4 Qe5 49. Qf5 Qa1+ 50. Kh2 Qb2+ 1/2-1/2

[Event "HUN-chT2 Barcza 1213"]
[Site "Hungary"]
[Date "2013.03.24"]
[Round "9.3"]
[White "Hajdu, Zoltan"]
[Black "Mate, Laszlo"]
[Result "1-0"]
[WhiteElo "1892"]
[BlackElo "2352"]
[PlyCount "49"]
[EventDate "2012.09.16"]
[EventType "team-tourn"]
[EventRounds "11"]
[EventCountry "HUN"]
[SourceTitle "EXT 2014"]
[Source "ChessBase"]
[SourceDate "2013.11.20"]
[SourceVersion "1"]
[SourceVersionDate "2013.11.20"]
[SourceQuality "1"]
[WhiteTeam "Miskolc Kisbocsok"]
[BlackTeam "Kazincbarcika"]
[WhiteTeamCountry "HUN"]
[BlackTeamCountry "HUN"]

1. d4 Nf6 2. Nc3 d5 3. Bg5 e6 4. e4 dxe4 5. Nxe4 Nbd7 6. Nf3 Be7 7. Nxf6+ Nxf6 8. Bd3 0-0 9. Qe2 c5 10. dxc5 Qa5+ 11. c3 Qxc5 12. 0-0-0 h6 13. Be3 Qc7 14. Bd4 Bd7 15. h4 Bc6 16. Ne5 Bd5 17. f3 Bxa2 18. g4 Nd5 19. g5 hxg5 20. Bh7+ Kxh7 21. hxg5+ Kg8 22. Rdg1 Qd8 23. f4 Nxf4 24. Qh2 Ne2+ 25. Kd1 1-0

[Event "HUN-chT2 Barcza 1213"]
[Site "Hungary"]
[Date "2012.11.18"]
[Round "4.2"]
[White "Herczeg, Tibor"]
[Black "Mate, Laszlo"]
[Result "0-1"]
[WhiteElo "2131"]
[BlackElo "2352"]
[PlyCount "78"]
[EventDate "2012.09.16"]
[EventType "team-tourn"]
[EventRounds "11"]
[EventCountry "HUN"]
[SourceTitle "EXT 2014"]
[Source "ChessBase"]
[SourceDate "2013.11.20"]
[SourceVersion "1"]
[SourceVersionDate "2013.11.20"]
[SourceQuality "1"]
[WhiteTeam "Sajoszentpeter"]
[BlackTeam "Kazincbarcika"]
[WhiteTeamCountry "HUN"]
[BlackTeamCountry "HUN"]

1. e4 c6 2. d4 d5 3. Nc3 dxe4 4. Nxe4 Nd7 5. Nf3 Ngf6 6. Nxf6+ Nxf6 7. h3 Bf5 8. Bd3 g6 9. 0-0 Bg7 10. Re1 0-0 11. Bxf5 gxf5 12. c3 e6 13. Bg5 Qd5 14. Bxf6 Bxf6 15. Ne5 Rad8 16. Qh5 Bg7 17. b3 f6 18. Nd3 e5 19. Qxf5 exd4 20. Qxd5+ Rxd5 21. Nf4 dxc3 22. Nxd5 cxd5 23. Red1 Rd8 24. Rac1 f5 25. Kf1 Bf6 26. Rd3 d4 27. Ke2 Re8+ 28. Kf3 Kf7 29. g4 Kg6 30. Rc2 Re1 31. Kg3 b5 32. f4 h6 33. Kf3 Rf1+ 34. Kg3 Re1 35. Kf3 Rf1+ 36. Kg3 b4 37. Re2 Rc1 38. Rf2 c2 39. Kf3 Rd1 0-1

[Event "HUN-chT2 Maroczy 1112"]
[Site "Hungary"]
[Date "2012.03.25"]
[Round "8"]
[White "Samu, Gabor Jr"]
[Black "Mate, Laszlo"]
[Result "1/2-1/2"]
[WhiteElo "2279"]
[BlackElo "2368"]
[PlyCount "76"]
[EventDate "2011.09.25"]
[EventType "team-tourn"]
[EventRounds "11"]
[EventCountry "HUN"]
[SourceTitle "EXT 2013"]
[Source "ChessBase"]
[SourceDate "2012.11.22"]
[SourceVersion "1"]
[SourceVersionDate "2012.11.22"]
[SourceQuality "1"]
[WhiteTeam "Oroshaza"]
[BlackTeam "Kazincbarcika"]
[WhiteTeamCountry "HUN"]
[BlackTeamCountry "HUN"]

1. d4 Nf6 2. c4 c5 3. d5 b5 4. Qc2 bxc4 5. e4 e6 6. Bxc4 exd5 7. exd5 d6 8. Nf3 Be7 9. 0-0 0-0 10. Nc3 Nbd7 11. a3 Nb6 12. Ba2 Bb7 13. Qd3 Rc8 14. Nd2 Nfd7 15. f4 Bf6 16. Nde4 c4 17. Nxf6+ Qxf6 18. Qh3 Nc5 19. Bb1 h6 20. Qf5 Qxf5 21. Bxf5 Rcd8 22. Rd1 Rfe8 23. Bc2 Ba6 24. a4 Nd3 25. Bxd3 cxd3 26. Nb5 Nxd5 27. Rxd3 Bb7 28. Kf2 a6 29. Rxd5 Bxd5 30. Nc7 Bc4 31. Nxe8 Rxe8 32. Be3 Rb8 33. Bd4 f6 34. a5 Rb5 35. Rc1 d5 36. Bc3 Kf7 37. Ke3 Rb7 38. Re1 Re7+ 1/2-1/2

[Event "HUN-chT2 Maroczy 1112"]
[Site "Hungary"]
[Date "2012.03.11"]
[Round "7"]
[White "Mate, Laszlo"]
[Black "Papp, Gellert"]
[Result "1-0"]
[WhiteElo "2368"]
[BlackElo "2383"]
[PlyCount "75"]
[EventDate "2011.09.25"]
[EventType "team-tourn"]
[EventRounds "11"]
[EventCountry "HUN"]
[SourceTitle "EXT 2013"]
[Source "ChessBase"]
[SourceDate "2012.11.22"]
[SourceVersion "1"]
[SourceVersionDate "2012.11.22"]
[SourceQuality "1"]
[WhiteTeam "Kazincbarcika"]
[BlackTeam "Lila Futo"]
[WhiteTeamCountry "HUN"]
[BlackTeamCountry "HUN"]

1. d4 c5 2. d5 e6 3. e4 d6 4. Nc3 Nf6 5. Be2 Be7 6. Nf3 0-0 7. 0-0 exd5 8. exd5 Na6 9. Bf4 Nc7 10. a4 Qd7 11. Qd2 b6 12. Bc4 a6 13. Rfb1 Qf5 14. b4 Ne4 15. Nxe4 Qxe4 16. bxc5 bxc5 17. Bb3 Qf5 18. c4 a5 19. Bc2 Qd7 20. Rb6 Qd8 21. Rab1 Bg4 22. Ng5 h6 23. Qd3 g6 24. Ne4 Bf5 25. Bxh6 Re8 26. Qc3 f6 27. Nxc5 Bxc2 28. Qxc2 Kh7 29. Nb7 Qd7 30. Bf4 Ra6 31. h3 Rea8 32. h4 Kg7 33. Bg3 Ne8 34. R1b5 Nc7 35. Rb1 Ne8 36. c5 dxc5 37. d6 Rxb6 38. Rxb6 1-0